Films Disney par images d'antagonistes #2 - Statistiques

Statistiques générales
  • Ce quiz a été pris 119 fois
  • Le résultat moyen est 13 sur 20
Statistiques - réponses
Par images Réponse % Correct
La Petite Sirène
98%
Aladdin
97%
La Belle au bois dormant
92%
Zootopie
89%
Alice au pays des merveilles
86%
La Belle et la Bête
86%
Les Aristochats
84%
La Princesse et la Grenouille
79%
Vaiana, la Légende du bout du monde
74%
Kuzco, l'empereur mégalo
66%
Merlin l'Enchanteur
60%
Rox et Rouky
58%
Tarzan
55%
Pinocchio
49%
Les Nouveaux Héros
40%
Wish : Asha et la Bonne Étoile
39%
Atlantide, l'empire perdu
35%
Taram et le Chaudron magique
30%
Bienvenue chez les Robinson
25%
Oliver et Compagnie
22%
Aucun quiz correspondant
Distribution des résultats
% des personnes avec chaque résultat
Percentile par nombre de réponses
Votre historique - résultats
Vous n’avez pas pris ce quiz